00660nam a2200181Ia 4500008004000000020001800040082001700058100002500075245006100100250000500161260004500166300001200211650004000223690002000263906001100283999001900294952016500313210210b2000 xxu||||| |||| 00| 0 eng d a81 7515 322 9 a378.002 MASB aMascetta (Joseph A). aBarron's how to prepare for the SAT II: chemistry. Ed 6. a aNew Delhhi.bGalgotia Publishers.,c2000 axiv,352 aSAT II Chemistry SAT SAT chemistr aHigher Educatio aSG0358 c113914d113914 001040708EducationaALbALcEducationd2021-02-17eHigginbothams (P) Ltd., Mangalore-01.g0.00l0o378.002 MASBpSG03580r2021-02-17 00:00:00w2021-02-17ySG